Statistics for Top 500 Girl Names US 2022 - Alphabetical

Click here to take the quiz!

General Stats

  • This quiz has been taken 462 times
    (458 since last reset)
  • The average score is 277 of 500

Answer Stats

Answer% Correct
429AAllie
95%
68AAnna
93%
13AAbigail
90%
3AAva
90%
15EElla
90%
371EElle
90%
471EEve
90%
6AAmelia
87%
2EEmma
87%
253AAlivia
86%
486AAri
86%
93EEva
86%
231LLilly
86%
35LLily
86%
1OOlivia
86%
230AAlexa
85%
26AAria
85%
401AAriah
85%
379AAriyah
85%
112AArya
85%
115EEliza
85%
28GGrace
85%
16EElizabeth
84%
107JJulia
84%
47AAddison
83%
137AAlexandra
83%
436AAlison
83%
80AAllison
83%
216AAmy
83%
267CCatherine
83%
9EEvelyn
83%
135KKatherine
83%
289LLia
83%
124MMary
83%
76AAlice
82%
440AAngel
82%
327EEvelynn
82%
157IIsabel
82%
121IIsabelle
82%
411KKate
82%
71CCaroline
81%
4CCharlotte
81%
113RRose
81%
79AAriana
80%
123AArianna
80%
131AAyla
80%
27CChloe
80%
44IIsla
80%
160KKhloe
80%
51NNatalie
80%
183SSara
80%
472SSarai
80%
65AAaliyah
79%
60AAudrey
79%
448DDanielle
79%
18EEmily
79%
7IIsabella
79%
341IIzabella
79%
399JJessica
79%
232LLauren
79%
30NNora
79%
151NNorah
79%
87SSarah
79%
154AAshley
78%
39HHannah
78%
357LLaura
78%
46LLillian
78%
235AAdelyn
77%
309AAlexis
77%
222AAnnabelle
77%
426AAverie
77%
19AAvery
77%
64BBella
77%
143DDaisy
77%
229DDaniela
77%
413DDaniella
77%
434JJennifer
77%
24LLayla
77%
49LLucy
77%
475MMaddison
77%
23MMadison
77%
109MMaria
77%
305MMariah
77%
285AAdaline
76%
139AAdalyn
76%
116AAdalynn
76%
469AAddilyn
76%
100AAdeline
76%
358AAdelynn
76%
447AAmanda
76%
245AAna
76%
288AAnnie
76%
225LLaila
76%
205LLeila
76%
8MMia
76%
25PPenelope
76%
251AAngela
74%
156AAubree
74%
56AAubrey
74%
11CCamila
74%
257CCamilla
74%
322GGabriela
74%
77GGabriella
74%
10HHarper
74%
265JJane
74%
214KKamila
74%
394MMadeleine
74%
95MMadeline
74%
66MMadelyn
74%
480MMadelynn
74%
325MMadilyn
74%
227RRachel
74%
41ZZoe
74%
32ZZoey
74%
414AAlicia
73%
57CClaire
73%
22EEleanor
73%
359GGabrielle
73%
217KKayla
73%
240LLola
73%
14LLuna
73%
84NNatalia
73%
250RRebecca
73%
81HHailey
72%
306JJuliet
72%
180JJuliette
72%
498MMaia
72%
61MMaya
72%
242MMya
72%
146BBrianna
71%
29EEllie
71%
416FFrances
71%
97JJade
71%
184AAda
70%
196AAlaina
70%
247AAlayna
70%
264CCamille
70%
88CCora
70%
249EElaina
70%
55EElena
70%
136FFaith
70%
328GGia
70%
209GGracie
70%
204HHope
70%
492KKora
70%
295LLeia
70%
119MMackenzie
70%
85QQuinn
70%
17SSofia
70%
5SSophia
70%
36AAurora
69%
82AAutumn
69%
122CCharlie
69%
424HHelen
69%
58IIvy
69%
86JJosephine
69%
134JJosie
69%
45LLeah
69%
34VVictoria
69%
54BBrooklyn
68%
262BBrooklynn
68%
165CCallie
68%
477CCharleigh
68%
244DDiana
68%
141JJasmine
68%
132KKylie
68%
20MMila
68%
266NNicole
68%
33RRiley
68%
102RRylee
68%
159RRyleigh
68%
355RRylie
68%
48WWillow
68%
292CCali
67%
275CCharlee
67%
417CCharli
67%
43EEverly
67%
182JJune
67%
252KKali
67%
344MMakenzie
67%
278MMckenzie
67%
90SSamantha
67%
75SSophie
67%
148AAndrea
66%
127IIris
66%
96LLydia
66%
372EEverlee
65%
94EEverleigh
65%
484KKatie
65%
185KKimberly
65%
495MMalani
65%
348MMelissa
65%
287MMilani
65%
220RRuth
65%
161TTaylor
65%
319EEvie
64%
176GGeorgia
64%
12GGianna
64%
314KKendall
64%
52NNaomi
64%
437SStephanie
64%
149SSummer
64%
37VViolet
64%
304AAdriana
63%
237BBrooke
63%
153EEsther
63%
481HHolly
63%
270LLena
63%
174MMolly
63%
74RRuby
63%
215ZZara
63%
226LLila
62%
239LLilah
62%
118LLyla
62%
446SScarlet
62%
21SScarlett
62%
199AAlyssa
61%
290AAngelina
61%
130EEden
61%
296FFiona
61%
31HHazel
61%
435JJordan
61%
194JJordyn
61%
390LLana
61%
106MMelody
61%
378PPaislee
61%
50PPaisley
61%
470RRosie
61%
206AAlana
60%
103CClara
60%
133EElliana
60%
374HHallie
60%
396JJoy
60%
188JJuliana
60%
269JJulianna
60%
117KKaylee
60%
126MMargaret
60%
190MMillie
60%
197OOlive
60%
91PPiper
60%
101VVivian
60%
351DDestiny
59%
53EEliana
59%
392EElianna
59%
256PPhoebe
59%
42SStella
59%
189AAliyah
58%
99BBrielle
58%
489CCameron
58%
405CCamryn
58%
155EEmerson
58%
164EEmersyn
58%
398EEsme
58%
175HHarmony
58%
268JJocelyn
58%
459KKamryn
58%
218PPayton
58%
98PPeyton
58%
145VValerie
58%
260VVivienne
58%
108AAthena
57%
171BBailey
57%
138EEloise
57%
310HHaven
57%
258JJoanna
57%
172JJuniper
57%
439KKayleigh
57%
72KKennedy
57%
419PParis
57%
219BBlake
56%
464KKeira
56%
384KKira
56%
163LLucia
56%
336MMichelle
56%
193MMorgan
56%
158AAnastasia
55%
451CCarolina
55%
69DDelilah
55%
329NNina
55%
421SSerena
55%
320AAlexandria
54%
140AAmaya
54%
423BBianca
54%
321GGracelyn
54%
313GGracelynn
54%
111HHadley
54%
422HHeaven
54%
442JJacqueline
54%
409MMaisie
54%
273PPaige
54%
445RRosemary
54%
67SSavannah
54%
241SSelena
54%
200AAriel
53%
346AArielle
53%
293MMaggie
53%
114RReagan
53%
78SSadie
53%
170AAlina
52%
433CCarmen
52%
488DDanna
52%
212EElise
52%
381HHeidi
52%
308KKiara
52%
366LLexi
52%
195LLondon
52%
162LLondyn
52%
233EElsie
51%
485MMira
51%
38NNova
51%
246VVera
51%
179FFreya
50%
279TTessa
50%
456FFrancesca
49%
291HHarley
49%
324HHarlow
49%
70SSerenity
49%
467SSkye
49%
243SSydney
49%
150VValeria
49%
349WWilla
49%
406CCassidy
48%
473EEdith
48%
449EEmelia
48%
89EEmery
48%
40EEmilia
48%
444EEmory
48%
207GGemma
48%
62GGenesis
48%
110LLiliana
48%
345LLilliana
48%
280MMiriam
48%
210NNoelle
48%
389SSabrina
48%
274AAdelaide
47%
468NNadia
47%
208VVanessa
47%
427MMabel
46%
462PPoppy
46%
63SSkylar
46%
465SSkyler
46%
228TTrinity
46%
380VVeronica
46%
202AArabella
45%
333BBlair
45%
332BBrynn
45%
263EEvangeline
45%
386FFelicity
45%
84NNevaeh
45%
186RRiver
45%
450RRyan
45%
192TTeagan
45%
152AAriella
44%
167BBlakely
44%
297BBriella
44%
294HHayden
44%
272MMckenna
44%
281OOakley
44%
198RRosalie
44%
284AAmira
43%
352DDahlia
43%
415DDaphne
43%
317LLogan
43%
402MMakenna
43%
430MMarlee
43%
211MMarley
43%
391OOphelia
43%
142AAmara
42%
187EEmber
42%
369KKenzie
42%
408LLuciana
42%
271LLucille
42%
105MMelanie
42%
166SSienna
42%
223SSage
41%
330AAmina
40%
147CCecilia
40%
302KKaia
40%
326MMakayla
40%
144RReese
40%
181SSloane
40%
261DDakota
39%
59KKinsley
39%
234MMargot
39%
128PParker
39%
342FFatima
38%
490KKyla
38%
125RRemi
38%
497RRemy
38%
255RRowan
38%
362BBrinley
37%
191BBrynlee
37%
259MMalia
37%
463MMaliyah
37%
201FFinley
36%
169GGenevieve
36%
494NNia
36%
213PPresley
36%
73VValentina
36%
315WWinter
36%
375WWynter
36%
353CCeleste
35%
338DDemi
35%
487KKaitlyn
35%
461LLiana
35%
455MMaci
35%
478MMatilda
35%
203JJournee
34%
276MMariana
34%
491BBristol
33%
298JJourney
33%
466NNoa
33%
337TTalia
33%
129XXimena
33%
354AAinsley
32%
120AAlaia
32%
339AAlaya
32%
283AAlayah
32%
368AAlessandra
32%
334AAmari
32%
496DDylan
32%
377GGwendolyn
32%
312DDelaney
31%
248NNyla
31%
403NNylah
31%
178CCatalina
30%
92LLeilani
30%
286PPhoenix
30%
370RRaelyn
30%
104RRaelynn
30%
441AAnnalise
29%
224AAspen
29%
425HHattie
29%
254RRaegan
29%
238SSawyer
29%
331GGiselle
28%
173MMaeve
28%
303TThea
28%
418RRaven
27%
404VViviana
27%
236ZZuri
27%
221AAlani
26%
382AAnaya
26%
385AAvianna
26%
307OOaklynn
26%
335OOctavia
26%
458CCeline
25%
301JJayla
25%
277MMyla
25%
360RRemington
25%
383CCataleya
24%
282KKailani
24%
397KKalani
24%
340KKaylani
24%
168KKehlani
24%
299LLennon
24%
388MMiracle
24%
432RRegina
24%
493AArmani
23%
482LLeona
23%
412LLyric
23%
438MMaren
23%
457RRory
23%
300SSaylor
23%
454SShiloh
23%
361WWren
23%
387AAylin
22%
316LLilith
22%
356RReign
22%
483AAzalea
21%
350SSamara
21%
443BBraelynn
20%
395EEsmerelda
20%
177MMagnolia
20%
343TTatum
20%
318AAmiyah
19%
452AAstrid
19%
363AAmora
18%
376DDaleyza
18%
373HHaisley
18%
431KKinley
18%
400LLeighton
18%
420NNayeli
18%
367AAitana
17%
311AAniyah
17%
499DDior
17%
407DDream
17%
474JJolene
17%
410SStevie
17%
365CCollins
16%
428SSelah
16%
476MMeadow
15%
479EElliot
14%
347PPalmer
13%
393RRoyalty
13%
364LLainey
12%
323SSutton
11%
460ZZariah
10%
453KKensley
8%
500LLegacy
5%

Score Distribution

Percentile by Number Answered

Percent of People with Each Score

Your Score History

You have not taken this quiz since the last reset